| 000 | 00991nam a22002777a 4500 | ||
|---|---|---|---|
| 005 | 20251028063936.0 | ||
| 007 | cr |||aaa||||| | ||
| 008 | 250617s2022 ck|ade|foz||| 001 0 spa d | ||
| 020 | _a9789587227406 | ||
| 040 |
_aMX-MxUPN _bspa _cMX-MxUPN _eaacr2 |
||
| 041 | _aspa | ||
| 050 | _aP408 | ||
| 245 |
_aComunicación, educación y contexto _h[recurso electrónico en línea] |
||
| 260 |
_aPereira, Colombia : _bEditorial Universidad Tecnológica de Pereira, _c2022 |
||
| 300 |
_a1 recurso electrónico (90 páginas) : _bPDF |
||
| 490 | _aTextos académicos | ||
| 500 | _aIncluye bibliografía | ||
| 650 | 4 |
_aLenguaje y educación _96713 |
|
| 650 | 2 |
_aAnálisis del discurso _9232 |
|
| 650 | 2 |
_aSociolingüística _96710 |
|
| 700 |
_aLópez García, Edwin Mauricio _4compilación _957079 |
||
| 700 |
_aVelásquez Marín, María Fernanda _4compilación _957080 |
||
| 856 | _uhttps://hdl.handle.net/11059/14615 | ||
| 902 | _aMaiella Martínez / 17062025 | ||
| 942 |
_2lcc _cLIBRO-E |
||
| 999 |
_c213538 _d213538 |
||